Die beliebtesten Fahrradmarken (Deutschland 2022) - Statistiken

Allgemein
  • Dieses Quiz wurde 197 mal gespielt
  • Das Durchschnittsergebnis liegt bei 3 aus 10
Antwortstatistiken
# Beliebtheit Fahrradmarke % Korrekt
19,2% Cube
72%
6,4% Canyon
64%
2,2% Rose
39%
2,4% Scott
34%
4,4% Bulls
33%
2,7% Specialized
30%
2,4% Cannondale
25%
2,6% Pegasus
22%
3,1% Stevens
20%
2,2% Bergamont
12%
Keine übereinstimmenden Quizze gefunden
Verteilung der Resultate
Anzahl Personen mit jedem Resultat
Perzentil nach korrekt beantworteten Fragen
Ihre Resultats-Entwicklung
Sie haben dieses Quiz noch nicht gespielt